000 00684cam a2200229 4500
001 J97889
008 090401t1999 xxu||||| |||| 00| 0 eng d
035 _a(Sirsi) u92575
041 _aeng
050 _a333.33
110 _aRichard Ellis St. Quintin
_93738
245 _aGlasgow market bulletin : Glasgow office market. - Winter 1998/99
260 _aLondon
_bRichard Ellis St. Quintin
_c1999
300 _a1 pt. ; 30cm.
350 _a0
650 _aGLASGOW
650 _aPROPERTY-COMMERCIAL PROPERTY-OFFICE PROPERTY-OFFICE PROPERTY MARKET
650 _aOFFICES
690 _aPROPERTY-COMMERCIAL PROPERTY-COMMERCIAL PROPERTY MARKET
942 _n0
948 _c07/04/1999
999 _c97759
_d97759